In the Arab World Now N°1 (notice n° 8341)
[ vue normale ]
| 000 -Label | |
|---|---|
| leader | 01037cam a2200313 4500 |
| 010 ## - ISBN | |
| ISBN | 9782911596384 |
| 099 ## - Informations locales | |
| Type de document | Livre |
| 100 ## - Données générales de traitement | |
| a | 20090327d2008 m y0frey50 ba |
| 101 0# - Langue | |
| langue document | anglais |
| titre propre si elle diffère de la langue du texte ou de la bande son | anglais |
| 102 ## - Pays d'édition ou de production | |
| pays d'édition | France |
| 200 1# - Titre | |
| titre propre | In the Arab World Now N°1 |
| type de document | Livre |
| auteur | Jérôme Sans |
| auteur secondaire | Sébastien Moreu |
| -- | Jenny Mannerheim |
| 205 ## - Mention d'édition | |
| mention d'édition | 3 vol. |
| 210 ## - Editeur | |
| lieu de publication | Paris |
| nom de l'éditeur | Galerie Enrico Navarra |
| date de publication | 2008 |
| 215 ## - Description | |
| Importance matérielle | 349p. |
| autres carac. | ill. en noir et en coul. |
| format | 30 cm |
| 225 ## - collection | |
| Collection | Made by |
| 300 ## - Note | |
| note | Texte anglais seul |
| 300 ## - Note | |
| note | 2008 d'après la déclaration de dépôt légal |
| 510 1# - Titre parallèle | |
| titre parallèle | Fī al-ʿalam al-ʿarabī al-ān |
| 510 1# - Titre parallèle | |
| titre parallèle | في العالم العربي الآن |
| 606 ## - sujets | |
| numéro de la notice d'autorité | 11934758 |
| sujet | Art |
| numéro de la notice d'autorité | 11931634 |
| subdiv. géo. | Pays arabes |
| numéro de la notice d'autorité | 12432924 |
| subdiv. chrono. | 1990-2020 |
| koha internal code | 21586 |
| 676 ## - classification | |
| indice Dewey | 709.174 |
| 702 ## - Auteur secondaire | |
| numéro de la notice d'autorité | 12127596 |
| nom | Sans |
| prénom | Jérôme |
| code de fonction | Directeur de la publication |
| koha internal code | 4744 |
| 702 ## - Auteur secondaire | |
| numéro de la notice d'autorité | 14457863 |
| nom | Moreu |
| prénom | Sébastien |
| code de fonction | Directeur de la publication |
| koha internal code | 21587 |
| 702 ## - Auteur secondaire | |
| numéro de la notice d'autorité | 16081130 |
| nom | Mannerheim |
| prénom | Jenny |
| code de fonction | Directeur de la publication |
| koha internal code | 21588 |
| 801 #0 - source de catalogage | |
| pays | FR |
| agence de catalogage | FR-751131015 |
| date de la transaction | 20090327 |
| règles de catalogage utilisées | AFNOR |
| 801 #0 - source de catalogage | |
| pays | TN |
| agence de catalogage | 32BIS |
| 830 ## - note | |
| catalogeur | MS |
| Propriétaire | Dépositaire | Localisation | Code barre | Numéro Inventaire | Cote | Note | Statut |
|---|---|---|---|---|---|---|---|
| The 32bis Library | The 32bis Library | Salle de lecture 32BIS | 006171 | 6097 | 709.174 BOU 1 | Don Marc Monsallier | Consultable sur place |